[28 Mass sections and motets for the Office of the Dead.

Includes works by Bernal González (6), A. Fernández (1), F. Gomes (1), Guerrero (2), Lopez (1), Morales (1), Mutinho (1), Trosilno (1), and others (14).

Saved in:
书目详细资料
企业作者: Universidade de Coimbra. Biblioteca Geral.
格式: 乐谱
语言:Latin
出版: 15-- - 16--]
主题:
标签: 添加标签
没有标签, 成为第一个标记此记录!
LEADER 00967ndm a2200253 4500
001 007774669-4
005 20020606104010.5
008 980428q15uu16uuxx muz| a nn| lat d
035 0 |a ocm39263655 
040 |a MH-Mu  |c MH-Mu 
047 |a ms  |a mo 
110 2 |a Universidade de Coimbra.  |b Biblioteca Geral.  |k Manuscript.  |n M. 34. 
245 0 0 |a [28 Mass sections and motets for the Office of the Dead. 
260 |c 15-- - 16--] 
300 |a 1 ms. choirbook ([46] leaves) 
510 4 |a Census-catalogue of manuscript sources of polyphonic music 1400-1550,  |c I, p. 160 (CoimU 34). 
520 |a Includes works by Bernal González (6), A. Fernández (1), F. Gomes (1), Guerrero (2), Lopez (1), Morales (1), Mutinho (1), Trosilno (1), and others (14). 
650 0 |a Masses  |y 16th century  |x Parts. 
650 0 |a Masses  |y 17th century  |x Parts. 
650 0 |a Motets  |y 16th century. 
650 0 |a Motets  |y 17th century. 
650 0 |a Music  |x Manuscripts. 
988 |a 20020608 
906 |0 MH